| 000 | 00681nam a2200229 u 4500 | ||
|---|---|---|---|
| 005 | 20240910063838.0 | ||
| 008 | 131003s2010 ea r 000 0 spa d | ||
| 020 | _a9780545238496 | ||
| 035 | _aUPN01000193455 | ||
| 049 | _aCG | ||
| 050 | 4 |
_aPS3619 A5.7 _bE4.3 |
|
| 100 | 1 |
_aSantana, Jenny _934470 |
|
| 245 | 1 | 4 |
_aUna elección sin par / _cJenny Santana ; tr. Sandra Rubio. |
| 260 |
_aNew York : _bScholastic, _c2010. |
||
| 300 | _a158 p. | ||
| 440 | 0 | _aScholastic en español | |
| 534 |
_pTítulo original: _tWinner takes all |
||
| 650 | 4 |
_aLiteratura juvenil estadounidense _912776 |
|
| 650 | 4 |
_aActividades estudiantiles _910955 |
|
| 905 | _aLibro | ||
| 999 |
_c165556 _d165556 |
||